Statistics for Punk bands by album

Click here to take the quiz!

General Stats

  • This quiz has been taken 49 times
  • The average score is 11 of 22

Answer Stats

AlbumBand% Correct
American IdiotGreen Day
98%
London CallingThe Clash
94%
DamagedBlack Flag
79%
Fresh Fruit For Rotting VegetablesDead Kennedys
75%
Rocket To RussiaThe Ramones
73%
I Against IBad Brains
65%
My WarBlack Flag
63%
Bedtime For DemocracyDead Kennedys
60%
Los AngelesX
60%
Milo Goes To CollegeDescendents
56%
Double Nickels On The DimeMinutemen
50%
Pink FlagWire
50%
No ControlBad Religion
40%
(GI)Germs
38%
Punk In DrublicNOFX
38%
Start TodayGorilla Biscuits
31%
Living In DarknessAgent Orange
29%
The Day The Country DiedSubhumans
29%
Victim In PainAgnostic Front
25%
The Age of QuarrelCro-Mags
25%
IgnitionThe Offspring
21%
Is This Real?The Wipers
19%

Score Distribution

Percentile by Number Answered

Percent of People with Each Score

Your Score History

You have not taken this quiz